| 000 | 00000nam##2200000za#4500 |
| 001 | 9.574745 |
| 003 | CaOODSP |
| 005 | 20210624184331 |
| 007 | cr ||||||||||| |
| 008 | 150406|1990||||xxc|||||o f|0| 0 eng|d |
| 040 | |aCaOODSP|beng |
| 043 | |an-cn--- |
| 086 | 1 |aTU3-7/90-3033E-PDF |
| 110 | 2 |aTransportation Safety Board of Canada. |
| 245 | 10|aDisappearance and presumed sinking of the F.V. "Le Bout de Ligne" with the loss of the three crew members, Gulf of St. Lawrence, 13 December 1990 |h[electronic resource] |
| 260 | |aOttawa - Ontario : |bTransportation Safety Board of Canada |c[1994]. |
| 300 | |a38p.|bfigs., glossary, photographs |
| 490 | 1 |aMarine investigation report |vM90L3033 |
| 590 | |a12-36-Supp|b2012-08-22 |
| 775 | 08|tDisparition et naufrage présumé du B.P. «Le Bout de Ligne» entraînant la perte des trois membres de l'équipage, Golfe du Saint-Laurent, 13 décembre 1990 |w(CaOODSP)9.604476 |
| 830 | #0|aMarine investigation report ;|vM90L3033|w(CaOODSP)9.504867 |
| 856 | 40|ahttp://publications.gc.ca|qPDF|s1046 KB|uhttps://publications.gc.ca/collections/collection_2012/bst-tsb/TU3-7-90-3033-eng.pdf|yM90L3033 |